Všetko robí na 100 percent Dominik Hrbatý sníva po skončení kariéry ...

Bibliographic Details
Main Authors: Kocian, Pavel (ain), Korbel, Marián (Author, ain), Hrbatý, Dominik, 1978- (Author, uin)
Format: Article
Language:Slovak
PhysicalDescription:Fotogr.
ISSN:1335-4698
Subjects:

MARC

LEADER 00000nab a2200000 a 4500
001 vtls000738683
003 SK-MaSNL
005 20260302193335.0
008 160322c2000 xo 0 slo
015 |a SNBRB2000/11-27340 
035 |a CLN000090547 
040 |a SNKBUCL  |b slo  |c SNKBUCL  |e AACR2 
041 0 |a slo 
044 |a xo  |c SK 
080 |a 796.342.071  |2 UDC-MRF-SK2 
080 |a 929 Hrbatý, Dominik  |2 UDC-MRF-SK2 
100 1 |a Kocian, Pavel  |4 ain  |9 359111 
245 1 0 |a Všetko robí na 100 percent  |b Dominik Hrbatý sníva po skončení kariéry ...  |c [zhováral sa] Pavel Kocian, Marián Korbel 
300 |b Fotogr. 
600 1 7 |a Hrbatý, Dominik,  |d 1978-  |2 snkbucl  |9 112447 
655 7 |a články z novín a časopisov  |2 snkbucl  |9 267496 
700 1 |a Korbel, Marián  |4 aut  |4 ain  |9 863536 
700 1 |a Hrbatý, Dominik,  |d 1978-  |4 aut  |4 uin  |9 112447 
773 0 |x 1335-4698  |t Slovenská republika víkend  |g Roč. 8, č. 45 (2000), s. 24/XVI 
850 |a Slovenská národná knižnica v Martine 
852 |a SNK  |b KIS3GCP 
958 |a BX 
958 |a RBX 
999 |c 1444124  |d 1446054